000 00610cam a22002293a 4500
001 31032
003 PGUSA
005 20140828083654.0
008 100120s2010||||xxu|||||s|||||000 1 eng d
040 _aPGUSA
_beng
042 _adc
050 4 _aPQ
100 1 _aArdel, Henri,
_d1863-1938
245 1 0 _aLe chemin qui descend
_h[electronic resource] /
_cHenri Ardel
260 _bProject Gutenberg,
_c2010
506 _aPublic domain in the USA.
516 _aElectronic text
653 _aFiction
830 0 _aProject Gutenberg
_v31032
856 4 0 _uhttp://www.gutenberg.org/ebooks/31032
942 _cEB
999 _c260287
_d260287